000 00322nam a22001457a 4500
008 210309b ||||| |||| 00| 0 eng d
020 _a0306444291
041 _aeng
080 _a573
082 _2573
100 _a11
101 _aBIO
245 _aMolecular Biology of Membranes
_cHoward R. Petty
942 _2udc
_cBK
999 _c56092
_d56092